000 00581nam a2200181 i 4500
001 64418
003 ES-MaACL
007 t|
008 031224s1956 sp ||||1| spa d
100 1 _aFoix, Pere.
_951429
245 1 0 _aProblemas sociales de Derecho Penal /
_cPere Foix ; prólogo, Roberto Solís Quiroga.
250 _a2ª ed.
260 _aMéxico :
_bEditores Mexicanos Reunidos,
_c1956 (
_fImp. Ibero-Americana)
300 _a294 p. ;
_c20 cm.
700 1 _aSolís Quiroga, Roberto.
_9107217
852 _aES-MaACL
_jE-8918
_bR.93688
852 _aES-MaACL
_jE-8919
_bR.93709
999 _c64418
_d64418